000
00329 a2200145 4500
001
149464
040
_c
Escola São Tomás de Aquino
100
_a
RIBEIRO, Jonas
240
1
0
_a
Em nome da paz
_l
por
245
1
0
_a
Em nome da paz
362
0
_a
1996
440
1
_a
Dimensão
697
_a
*LITERATURA INFANTO JUVENIL
942
_c
BK
999
_c
149464
_d
149464